000 00600nam a2200217Ii 4500
001 13895
003 CO-ViMGA
008 241108s9999||||xx |||||||||||||| ||und||
020 _a8475307205
040 _aCO-ViMGA
_bspa
_erda
_cCO-ViMGA
041 0 _aspa
082 0 4 _a658.4 S43f
100 1 _aOliver Sheldon
_950917
245 1 0 _aLa filosofía del management
264 1 _aMadrid, España : Orbis, 1985
300 _avolumen
336 _atext
_btxt
_2rdacontent
337 _aunmediated
_bn
_2rdamedia
338 _avolume
_bnc
_2rdacarrier
940 _aidficha_siabuc: 13593. -- ficha_no_siabuc:13895
999 _c45616
_d45616